000 00722nam a2200289Ia 4500
005 20260324130757.0
008 008 260324s9999 xx 000 0 eng d
020 _a9780203820278
037 _aEBOOK
040 _aCRL
040 _beng
040 _cCRL
041 _2eng
041 _aeng
084 _qCRL
100 _aAdam C. English
_91183048
245 4 _aThe Possibility of Christian Philosophy
245 0 _bMaurice Blondel at the Intersection of Theology and Philosophy
260 _bTaylor and Francis
260 _c2007
365 _a
365 _b280
856 _uhttp://www.taylorfrancis.com/books/9780203820278
942 _cEBOOK
999 _c1779537
_d1779537